00394nam a2200121Ia 4500008004100000245002600041245002300067260000900090650003000099856005100129999001900180952007300199171204s9999 xx 000 0 und d aQlikView for Finance: cB. Diane Blackwood c2015 xFINANCIAL MANAGEMENT 1-23 uhttp://down.ebook777.com/062/9781784395742.pdf c345722d345722 001040aCLbCLd2017-12-04l0r2017-12-04 00:00:00w2017-12-04yCBE